Statistics for QWERTY Keyboard Race

Click here to take the quiz!

General Stats

  • This quiz has been taken 463 times
    (428 since last reset)
  • The average score is 13 of 26

Answer Stats

Answer% Correct
Q
100%
W
97%
E
96%
R
96%
T
95%
Y
93%
I
89%
O
89%
P
89%
U
89%
L
30%
K
29%
J
27%
H
26%
D
25%
F
25%
G
25%
S
24%
A
23%
C
21%
X
21%
Z
21%
B
20%
M
20%
N
20%
V
20%

Score Distribution

Percentile by Number Answered

Percent of People with Each Score

Your Score History

You have not taken this quiz since the last reset